Zákon Národnej rady Slovenskej republiky č. 566/1992 Zb. z 18. novembra 1992 o Národnej banke Slovenska ...
Znenie zákona NR SR č. 566/1992 Zb. z 18. novembra 1992 o Národnej banke Slovenska v znení neskorších zákonov a zákona č. 149/2001 Z.z.
Salvato in:
| Natura: | Capitolo di libro |
|---|---|
| Lingua: | slovacco |
| Soggetti: | |
| Tags: |
Nessun Tag, puoi essere il primo ad aggiungerne!!
|
MARC
| LEADER | 00000naa a2200000 4500 | ||
|---|---|---|---|
| 001 | r041933 | ||
| 005 | 20230926083932.6 | ||
| 041 | 0 | |a slo | |
| 044 | |a SK | ||
| 245 | 1 | 0 | |a Zákon Národnej rady Slovenskej republiky č. 566/1992 Zb. z 18. novembra 1992 o Národnej banke Slovenska ... |
| 520 | |a Znenie zákona NR SR č. 566/1992 Zb. z 18. novembra 1992 o Národnej banke Slovenska v znení neskorších zákonov a zákona č. 149/2001 Z.z. | ||
| 610 | 2 | 0 | |a banky |
| 610 | 2 | 0 | |a NBS Bratislava |
| 610 | 2 | 0 | |a zákony |
| 610 | 2 | 0 | |a Slovensko |
| 610 | 2 | 0 | |a 1992-2001 |